One-Ton Cities - Statistics

General Stats
  • This quiz has been taken 46 times
  • The average score is 4 of 11
Answer Stats
Population Country City % Correct
7,850,000 USA Boston
81%
8,800,000 USA Washington D.C.
79%
1,400,000 Canada Edmonton
72%
7,050,000 USA Houston
67%
67,800,000 China Canton
47%
2,325,000 USA San Antonio
26%
2,025,000 Benin Cotonou
23%
1,150,000 UK Southampton
23%
1,128,000 USA Stockton
9%
3,250,000 China Nantong
7%
1,900,000 China Datong
2%
No matching quizzes found
Score Distribution
Percent of People with Each Score
Percentile by Number Answered
Your Score History
You have not taken this quiz